Život hraný z listu / Peter Ambros ; [přeložila Marta Holmanová]
Record details
- ISBN: 978-80-87060-03-2
- Physical Description: 139 s. : il., portréty, faksim. ; 21 cm
- Edition: Vyd. 1.
- Publisher: Praha : G plus G, 2008
Content descriptions
| General Note: | Přeloženo z němčiny Vydalo nakl. GplusG ve společnosti Baobab&GplusG |
Search for related items by subject
| Subject: | Kleinová, Eliška, 1912-1999 klavíristky > Česko > 20. století hudební pedagožky > Česko > 20. století Židé > perzekuce > 1939-1945 pianists > Czechia > 20th century women music teachers > Czechia > 20th century Jews > persecutions > 1939-1945 |
| Genre: | biografie autobiografické vzpomínky biography autobiographical reminiscences |
Available copies
- 1 of 1 copy available at Common Catalog SPOK.
Holds
- 0 current holds with 1 total copy.
Show Only Available Copies
| Location | Call Number / Copy Notes | Barcode | Shelving Location | Status | Due Date |
|---|---|---|---|---|---|
| The Jewish community of Prague | K 2703 | 4638300835 | K - Beletrie | Available | - |
| LDR | 02033nam a2200589 a 4500 | ||
|---|---|---|---|
| 001 | 52940 | ||
| 003 | CZ-PrJAB | ||
| 005 | 20080926114855.0 | ||
| 007 | ta | ||
| 008 | 080402s2008 xr ach e 000 0bcze | ||
| 015 | . | ‡acnb001798665 | |
| 020 | . | ‡a978-80-87060-03-2 ‡q(brož.) : ‡cKč 189,00 | |
| 035 | . | ‡a(CZ PrNK)nkc20081798665 | |
| 035 | . | ‡a(OCoLC)244811668 | |
| 040 | . | ‡aOLA001 ‡bcze ‡dBOA001 ‡dABA001 | |
| 041 | 1 | . | ‡acze ‡hger |
| 043 | . | ‡ae-xr--- | |
| 045 | . | ‡ax1x9 | |
| 072 | 7. | ‡a78.07 ‡xHudebníci, skladatelé a jiná hudební povolání ‡2Konspekt ‡99 | |
| 072 | 7. | ‡a929 ‡xBiografie ‡2Konspekt ‡98 | |
| 080 | . | ‡a929 ‡2MRF | |
| 080 | . | ‡a78.071.2-055.2 ‡2MRF | |
| 080 | . | ‡a78.071.4-055.2 ‡2MRF | |
| 080 | . | ‡a(=411.16) ‡2MRF | |
| 080 | . | ‡a323.28 ‡2MRF | |
| 080 | . | ‡a(437.3) ‡2MRF | |
| 080 | . | ‡a(092) ‡2MRF | |
| 080 | . | ‡a(0:82-94) ‡2MRF | |
| 100 | 1 | . | ‡aAmbros, Peter, ‡d1948- ‡7jn19990000152 ‡4aut |
| 245 | 1 | 0. | ‡aŽivot hraný z listu / ‡cPeter Ambros ; [přeložila Marta Holmanová] |
| 250 | . | ‡aVyd. 1. | |
| 260 | . | ‡aPraha : ‡bG plus G, ‡c2008 | |
| 300 | . | ‡a139 s. : ‡bil., portréty, faksim. ; ‡c21 cm | |
| 500 | . | ‡aPřeloženo z němčiny | |
| 500 | . | ‡aVydalo nakl. GplusG ve společnosti Baobab&GplusG | |
| 600 | 1 | 7. | ‡aKleinová, Eliška, ‡d1912-1999 ‡7jk01060369 ‡2czenas |
| 648 | 4. | ‡a1912-1999 | |
| 650 | 0 | 7. | ‡aklavíristky ‡7ph121606 ‡zČesko ‡y20. století ‡2czenas |
| 650 | 0 | 7. | ‡ahudební pedagožky ‡7ph348291 ‡zČesko ‡y20. století ‡2czenas |
| 650 | 0 | 7. | ‡aŽidé ‡7ph127782 ‡xperzekuce ‡y1939-1945 ‡2czenas |
| 650 | 0 | 9. | ‡apianists ‡zCzechia ‡y20th century ‡2eczenas |
| 650 | 0 | 9. | ‡awomen music teachers ‡zCzechia ‡y20th century ‡2eczenas |
| 650 | 0 | 9. | ‡aJews ‡xpersecutions ‡y1939-1945 ‡2eczenas |
| 655 | 7. | ‡abiografie ‡7fd131909 ‡2czenas | |
| 655 | 7. | ‡aautobiografické vzpomínky ‡7fd131854 ‡2czenas | |
| 655 | 9. | ‡abiography ‡2eczenas | |
| 655 | 9. | ‡aautobiographical reminiscences ‡2eczenas | |
| 765 | 0 | . | ‡tLeben vom Blatt gespielt ‡9Česky |
| 910 | . | ‡aABE461 | |
| 995 | . | ‡aska | |
| 901 | . | ‡a52940 ‡bAUTOGEN ‡c52940 ‡tbiblio | |